000 01067nam0a2200313 4500
001 rc\488562
005 20250621103650.0
010 _a5-7355-0052-Х
_bв пер.
_d1 р. 80 к.
_98500
021 _aRU
_b88-59816
035 _a(NLR Aleph) 005730722
090 _a7575993
_c7575993
100 _a20030616d1988 |||y0rusy50 ca
101 0 _arus
102 _aRU
105 _aa g|||||1||
200 1 _aСудовые насосы
_eсправочник
_fВ.М. Будов
210 _aЛенинград
_cСудостроение
_d1988
215 _a429, [1] с.
_cил.
_d22
320 _aБиблиогр.: с. 426 (18 назв.)
320 _aПредметный указатель: с. 427-428
606 1 _aСудовые насосы
_jСправочники
_91674023
_3RU\NLR\AUTH\66742675
686 1 _aО459.65я22
700 1 _aБудов
_bВ. М.
_gВячеслав Михайлович
801 0 _aRU
_bNLR
_gpsbo
801 1 _aRU
_bELAR
_2rusmarc
852 _aNLR
_j88-5/4936
942 _cBOOK
980 _aNB